Geboren in Nürnberg - Statistiken

Allgemein
  • Dieses Quiz wurde 171 mal gespielt
    23 seit der letzten Aktualisierung
  • Das Durchschnittsergebnis liegt bei 8 aus 24
Antwortstatistiken
Hinweis Antwort % Korrekt
ehemaliger Fußballer, Legende des 1. FC Nürnberg und Namensgeber des Stadions 1925 Max Morlock
95%
berühmter Maler und Namensgeber des Nürnberger Flughafens, "Der Feldhase" 1471 Albrecht Dürer
84%
bayrischer Ministerpräsident und Parteivorsitzender der CSU 1967 Markus Söder
84%
Eisfabrikant, heute eine Marke von Nestlé 1917 Theo Schöller
63%
deutscher Fußballschiedsrichter mit türkischen Wurzeln 1978 Deniz Aytekin
53%
Tuchhändler und Erbauer des ältesten noch erhaltenen Globus 1459 Martin Behaim
47%
Gründer des gleichnamigen Radio- und Fernseherherstellers 1908 Max Grundig
47%
Fußballnationalspieler, RB Leipzig 1998 David Raum
42%
früherer deutsch-italienischer Fußballer und langjähriger Spieler des 1. FC Nürnberg 1989 Enrico Valentini
42%
US-amerikanischer Fußballnationalspieler, Bayer Leverkusen 2002 Malik Tillman
37%
SPD-Politiker und Oberbürgermeister von Nürnberg von 2002 bis 2020 1960 Ulrich Maly
37%
Sportvorstand des Hamburger SV von 2019 bis 2024 1982 Jonas Boldt
32%
Gründer der Schuckertwerke und Pionier der Industrialisierung in Nürnberg 1846 Sigmund Schuckert
32%
Fußballnationalspieler, VfB Stuttgart 2001 Jamie Leweling
26%
ehemalige Großaktionärin von Quelle 1943 Madeleine Schickedanz
26%
Schauspieler und Sänger, "Alarm für Cobra 11" "Einstein" "Vaterfreuden" 1978 Tom Beck
26%
American Football Spieler der auf der Position des Kickers für Teams wie die Houston Texans, Las Vegas Raiders and Detroit Lions aktiv war 1996 Dominik Eberle
11%
ehemaliger türkischer Fußballnationalspieler (Fürth, Düsseldorf und Stuttgart) 1989 Sercan Sararer
11%
Journalist und seit 2016 Chefredakteur der "Welt" 1967 Ulf Poschardt
11%
ehemalige Schwimmerin und mehrfache Weltmeisterin 1982 Hannah Stockbauer
5%
Autor von "Er ist wieder da" 1967 Timur Vermes
5%
Eishockeyspieler, Vancouver Canucks 2002 Lukas Reichel
0%
ehemalige tschechische Tennisspielerin, French und Australian Open Halbfinalistin 1989 Nicole Vaidisová
0%
türkischer Taekwondoin, Olympiasieger und zweifacher Weltmeister 1988 Servet Tazegül
0%
Keine übereinstimmenden Quizze gefunden
Verteilung der Resultate
Anzahl Personen mit jedem Resultat
Perzentil nach korrekt beantworteten Fragen
Ihre Resultats-Entwicklung
Sie haben dieses Quiz seit der letzten Aktualisierung nicht gespielt